Mastering web services security
Αποθηκεύτηκε σε:
| Μορφή: | Βιβλίο |
|---|---|
| Γλώσσα: | Undetermined |
| Έκδοση: |
Indianapolis, IN
Wiley
2003
|
| Θέματα: | |
| Ετικέτες: |
Προσθήκη ετικέτας
Δεν υπάρχουν, Καταχωρήστε ετικέτα πρώτοι!
|
| Thư viện lưu trữ: | Trung tâm Học liệu Trường Đại học Cần Thơ |
|---|
| LEADER | 00507nam a2200169Ia 4500 | ||
|---|---|---|---|
| 001 | CTU_56349 | ||
| 008 | 210402s9999 xx 000 0 und d | ||
| 082 | |a 005.8 | ||
| 082 | |b M423 | ||
| 245 | 0 | |a Mastering web services security | |
| 245 | 0 | |c Bret Hartman ... [et al.] | |
| 260 | |a Indianapolis, IN | ||
| 260 | |b Wiley | ||
| 260 | |c 2003 | ||
| 650 | |a computer networks,web sites,database security | ||
| 650 | |x security measures,security measures | ||
| 980 | |a Trung tâm Học liệu Trường Đại học Cần Thơ | ||